LEADER 00917cam0 22002411 450 001 SOBE00045680 005 20150121145946.0 100 $a20150121d2014 |||||ita|0103 ba 101 $aita 102 $aIT 200 1 $aDai luoghi pii alla pubblica assistenza in Terra di Lavoro$euna ricerca sulle confraternite della Diocesi di Aversa nel primo periodo borbonico e nel decennio francese$fNello Ronga 210 $aNapoli$cMyself$d2014 215 $a354 p.$d24 cm 700 1$aRonga$b, Nello$3AF00007234$4070$0147153 801 0$aIT$bUNISOB$c20150121$gRICA 850 $aUNISOB 852 $aUNISOB$j900$m165349 912 $aSOBE00045680 940 $aM 102 Monografia moderna SBN 941 $aM 957 $a900$b005342$gSI$d165349$n20141223$rdono$tV$1menle$2UNISOB$3UNISOB$420150121145952.0$520150121150034.0$6menle 996 $aDai luoghi pii alla pubblica assistenza in Terra di Lavoro$9830543 997 $aUNISOB